000 00452nam a2200169Ia 4500
001 11704
003 GE_BSU
008 181216s||||||||xx |||||||||||||| ||und||
040 _cGE_BSU
245 _aПсихология обучения. №7. 2014. Июль
245 _cГл.ред.Бархаев Б.П.
260 _aМосква
260 _c2014
300 _a106стр.24см.
653 _aПсихология обучения.
942 _cCR
999 _c44886
_d44886